01455nam a2200313Ia 450000500170000000800410001702000180005810000310007624500400010725000180014730000580016549000220022350501970024553400530044265000370049565000490053265000360058165000430061765000380066065000470069870000290074574001970077426400360097133600270100733700330103433800280106704000350109508400110113020220317001445.0161108s2016 sp a g 000 f s  a97884953112451 aSwift, Jonathand1667-174510aViajes de GullivercJonathan Swifth a2a. edición a347 páginasbilustraciones en blanco y negroc19 cm aEl barco de papel aViaje a Liliput -- Viaje a Brodbingnag -- Viaje a Laputa, Balnibarbi, Glubbdubdrib, Luggnagg y Japón -- Viaje al país de los houyhnhnms -- Carta al Capitán Gulliver a su compadre Sympson bTravels into several remote nations of the world142LEMBaNovela inglesaySiglo XVII142LEMBaLiteratura juvenil inglesaySiglo XVII142LEMBaGigantes en la literatura142LEMBaConducta humana en la literatura142LEMBaPolítica en la literatura142LEMBaNovela Fantástica en la literatura1 aFernández Kent, Walter aViaje a Liliput \\ Viaje a Brodbingnag \\ Viaje a Laputa, Balnibarbi, Glubbdubdrib, Luggnagg y Japón \\ Viaje al país de los houyhnhnms \\ Carta al Capitán Gulliver a su compadre Sympson aMadridbJorge A. Mestasc[2016] atextobtxt2rdacontent asin mediaciónbn2rdamedia avolumenbnc2rdacarrier aCO-BoRNBPbspaerdacCO-BoRNBP aN SWI1